000 01509nam a22002657a 4500
001 22205
005 20260409135942.0
008 260408b |||||||| |||| 00| 0 spa d
020 _a9786123226633
041 _aESP
082 _a344.525
_bD53
100 _aDelgado Castro, César A.
_eAUT
245 _aLos delitos de extorsión y sicariato como modalidades de la criminalidad organizada
250 _aPrimera edición
260 _aLima :
_bInstituto Pacífico,
_c2026
300 _a526 páginas :
_c25 cm.
440 _a ;
650 _aCIS
653 _aDerecho; Derecho penal; Delitos; Extorsión
654 _aCDE
700 _a;
856 _uhttps://0u21bvs71-y-https-palestra-tirantonline-com.itmsp.museknowledge.com/base/per/biblioteca_virtual/9788411305198?general=c%C3%B3digo+penal+extorsi%C3%B3n&index=1&navigate_url=%2Fbase%2Fper%2Fbibliotecavirtual%2Fsearches%2Fnavigate%3Ftoken_id%3D69d7f32dfa1b15000e58d3d0&next_index=2&num_found=838&pais=per&prev_index=0&route=ser&search_type=bibliotecavirtual&search_url=%2Fbase%2Fper%2Fbibliotecavirtual%2Fsearches%3Findex%3D1%26token_id%3D69d7f32dfa1b15000e58d3d0&token_id=69d7f32dfa1b15000e58d3d0&tolgeo=latam
_zVéase además: Código penal y de procedimiento penal, por Geovana Andrea Vallejo Jiménez y César Alejandro Osorio Moreno, Versión digital
856 _uhttps://itmsp.museknowledge.com/UCSP?groupID=2&action=source&sourceID=TirantPalestra_IP
_zVéase además: Base de datos Tirant Palestra
942 _cLIB
_dJUS
_fJUS
_n0
_2ddc
999 _c22205
_d22205